000
00203 a2200097 4500
001
58504
100
_a
245
_a
US relations with south asia
260
_a
Islamabad
_b
_c
2002
090
_c
35881
_d
35881
942
_a
NUST-CAE
_c
_c
28759
999
_c
293577
_d
293577